Score 0/11 Timer 01:00
0 Plays Today
Clue 4-Letter Word % Correct
'Row, Row, Row Your ___'BOAT
97.5%
Trench around a castleMOAT
93.7%
Frost's 'The ___ not Taken'ROAD
88.5%
An online diary that can be commented onBLOG
86.8%
Animal often confused with the [Last Rung]TOAD
82.5%
Animal often confused with the [First Rung]FROG
81.1%
A car's trunk, in the UKBOOT
79%
Beat with a rod or whipFLOG
78.4%
Lamentation or complaintMOAN
73.7%
A soiling or disfiguring markBLOT
72%
A horse with red and white hairROAN
68.9%

Today's Daily Dose

Missing Word
I Hardly Know Her!

Word Ladder
Sentence Ending

Quick Pick
Female Firsts

Get the Picture
Triathlon Sports

Remove Ads.
Support Sporcle.
Get the best of Sporcle when you Go Orange. This ad-free experience offers more features, more stats, and more fun while also helping to support Sporcle. Thank you for becoming a member.

You're not logged in!

Compare scores with friends on all Sporcle quizzes.
OR
Log In

Show Comments

Extras

Top Quizzes Today


Score Distribution

Your Account Isn't Verified!

In order to create a playlist on Sporcle, you need to verify the email address you used during registration. Go to your Sporcle Settings to finish the process.

Report this User

Report this user for behavior that violates our Community Guidelines.

Details: